Größte Zinkexporteure auf der Welt - Statistiken

Allgemein
  • Dieses Quiz wurde 45 mal gespielt
  • Das Durchschnittsergebnis liegt bei 6 aus 10
Antwortstatistiken
Export (in Mio. €) Land Weltmarktanteil % Korrekt
1.323 USA 11,9%
90%
1.612 Australien 14,5%
83%
259 Russland 2,3%
83%
798 Mexiko 7,2%
76%
380 Türkei 3,4%
54%
436 Schweden 3,9%
44%
275 Spanien 2,5%
44%
1.283 Bolivien 11,5%
39%
1.821 Peru 16,4%
39%
728 Belgien 6,5%
7%
Keine übereinstimmenden Quizze gefunden
Verteilung der Resultate
Anzahl Personen mit jedem Resultat
Perzentil nach korrekt beantworteten Fragen
Ihre Resultats-Entwicklung
Sie haben dieses Quiz noch nicht gespielt